Cómo educar al niño de 2 a 5 años

Uloženo v:
Podrobná bibliografie
Hlavní autor: Jones Mason, Molly (Autor)
Médium: Kniha
Jazyk:španělština
Vydáno: Madrid Martínez Roca 1960
Témata:
Tagy: Přidat tag
Žádné tagy, Buďte první, kdo vytvoří štítek k tomuto záznamu!

MARC

LEADER 00000nam a2200000 a 4500
001 UCY8505
003 CL-VaPUC
008 950703e19600000SP |||||||||||||||||spa|d
082 0 4 |a 372.21  |b JON  |2 21 
100 0 |a Jones Mason, Molly  |e author  |9 339925 
245 1 0 |a Cómo educar al niño de 2 a 5 años 
300 |a 513 p 
942 |c BK 
945 |d 19950703 00:00:00  |a mfernand 
260 |a Madrid  |b Martínez Roca  |c 1960 
650 0 |a Educación preescolar  |9 260381 
650 0 |a Niños de edad preescolar  |9 335607 
650 0 |a Juegos educativos  |9 307366 
650 7 |a MEDIO FAMILIAR  |2 CL-VaPUC  |9 337153 
650 7 |a HABITOS  |2 CL-VaPUC  |9 311931 
650 0 |a Psicología del niño  |9 307305 
650 7 |a JARDIN INFANTIL  |2 CL-VaPUC  |9 308724 
583 |a last modification  |c 20130411 08:49:38  |k Rodrigo Vera 
999 |c 235742  |d 235740 
952 |0 0  |1 0  |4 0  |6 372_210000000000000_JON_1960  |7 0  |8 P  |9 243349  |a BIBEDU  |b BIBEDU  |c BIBEDU_PB  |d 2019-11-18  |i 1528521  |o 372.21 JON 1960  |p 1528521  |r 2024-01-25  |w 2019-11-18  |y BK  |k EDU